Statistics for Die Hard to Up (Word Chain)

Click here to take the quiz!

General Stats

  • This quiz has been taken 43 times
  • The average score is 15 of 20

Answer Stats

HintAnswer% Correct
A type of dense timberHardwood
100%
Type of musical instruments such as flute, clarinet, oboe...Woodwind
100%
A structure that converts wind power into energyWindmill
94%
A person who rents land, a building, or an apartment to a tenantLandlord
80%
A poster showing a sex symbol, designed to be displayed on a wallPinup
77%
A item used to cover small injuriesBand-Aid
74%
A decorative accessory used to keep hair out of one's faceHeadband
74%
HumanityMankind
74%
A 36 inch measuring rodYardstick
74%
A member of an army medical corps attached to a field unit.Aidman
71%
The central part of the US; the MidwestHeartland
71%
A person who has a sympathetic nature{Kindheart}ed
71%
In the UK a respectful form of address to a judge, a bishop, or a man with a titleLordship
71%
Slang for someone addicted to marijuanaPothead
71%
A place where ships are built and repairedShipyard
71%
A straight pin with an ornamental head, worn to keep a tie in place or as a broochStickpin
71%
Device used for grinding wheat or other grainsMillstone
60%
A clay vessel with water drainage used to store or display plantsFlowerpot
57%
To delay or block by refusing to answer questionsStonewall
57%
Someone with an introverted personality typeWallflower
57%

Score Distribution

Percentile by Number Answered

Percent of People with Each Score

Your Score History

You have not taken this quiz